| 000 | 00699nam a22001937a 4500 | ||
|---|---|---|---|
| 999 |
_c16580 _d16580 |
||
| 003 | AR-CdUCM | ||
| 008 | 190225b ||||| |||| 00| 0 spa d | ||
| 040 |
_aMUNICIPALIDAD PROVINCIAL DEL CUSCO _cBIBLIOTECA MUNICIPAL DEL CUSCO |
||
| 082 |
_a980 / _bA22 |
||
| 100 |
_aAdams, Richard N. _936098 |
||
| 245 |
_aCambios sociales en América Latina : _bSus derivaciones para la política de los Estados Unidos / |
||
| 260 |
_bLibreros mexicanos unidos, _c1965. _aMéxico : |
||
| 300 |
_a448 paginas ; _c20 cm. |
||
| 505 | _aContenido :Cambios sociales en América Latina ... | ||
| 650 |
_aAmérica Latina. _91130 |
||
| 650 |
_aCambios sociales. _94340 |
||
| 942 |
_2ddc _cLIBROS |
||
| 945 |
_arum _d2019-05-03 |
||